Most Populous City by Time Zone Quiz Stats

 Plays Quiz Updated Feb 6, 2019

Support Sporcle.
Go Orange.
Score 0/31 Timer 06:00
13 Plays Today
Time Zone City % Correct
UTC - 5 HoursNew York, USA
96.8%
UTC London, United Kingdom
94%
UTC - 8 HoursLos Angeles, USA
92.7%
UTC + 9 HoursTokyo, Japan
86.2%
UTC + 3 HoursIstanbul, Turkey
78.9%
UTC - 6 HoursMexico City, Mexico
75.6%
UTC + 1 HourLagos, Nigeria
75.1%
UTC + 10 HoursSydney, Australia
73%
UTC + 8 HoursShanghai, China
69%
UTC + 5.5 HoursDelhi (NCT), India
64.5%
UTC - 10 HoursHonolulu, USA
63.1%
UTC + 2 HoursCairo, Egypt
61.6%
UTC - 3 HoursSao Paulo, Brazil
52.9%
UTC - 9 HoursAnchorage, USA
47.7%
UTC + 3.5 HoursTehran, Iran
47.4%
UTC + 7 HoursJakarta, Indonesia
46.1%
Time Zone City % Correct
UTC - 7 HoursPhoenix, USA
45.7%
UTC + 12 HoursAuckland, New Zealand
37.2%
UTC + 5 HoursKarachi, Pakistan
33.1%
UTC - 4 HoursSantiago, Chile
31.7%
UTC + 4.5 HoursKabul, Afghanistan
28.5%
UTC + 6 HoursDhaka, Bangladesh
28.5%
UTC + 5.75 HoursKathmandu, Nepal
15.9%
UTC + 9.5 HoursAdelaide, Australia
13.9%
UTC + 6.5 HoursYangon, Myanmar
12.6%
UTC - 3.5 HoursSt. John's, Canada
11.8%
UTC + 4 HoursDubai, UAE
8.6%
UTC + 13 HoursApia, Samoa
7.5%
UTC - 1 HourPraia, Cabo Verde
6.6%
UTC - 11 HoursPago Pago, American Samoa
6%
UTC + 11 HoursNoumea, New Caledonia, France
2.6%

From the Vault

The Hobbit: A Clickable Journey

by jngrossman

In a hole in the ground there Sporcled a hobbit.
Remove Ads.
Support Sporcle.
Get the best of Sporcle when you Go Orange. This ad-free experience offers more features, more stats, and more fun while also helping to support Sporcle. Thank you for becoming a member.

Show Comments

Extras

Top Quizzes Today


Score Distribution

Your Account Isn't Verified!

In order to create a playlist on Sporcle, you need to verify the email address you used during registration. Go to your Sporcle Settings to finish the process.

Report this User

Report this user for behavior that violates our Community Guidelines.

Details: